Tribhuvan University Central Library

Reading in the methods of education (Record no. 58294)

MARC details
000 -LEADER
fixed length control field 00526 a2200205 4500
041 ## - LANGUAGE CODE
Language code of text/sound track or separate title Eng
082 ## - DEWEY DECIMAL CLASSIFICATION NUMBER
Classification number 371.3
Item number St32r
100 ## - MAIN ENTRY--PERSONAL NAME
Personal name Steeves, Frank L.
9 (RLIN) 18164
245 ## - TITLE STATEMENT
Title Reading in the methods of education
260 ## - PUBLICATION, DISTRIBUTION, ETC.
Place of publication, distribution, etc. New York
Name of publisher, distributor, etc. Odyssey Press
Date of publication, distribution, etc. c1964
300 ## - PHYSICAL DESCRIPTION
Extent xiii, 337p. illus.
504 ## - BIBLIOGRAPHY, ETC. NOTE
Bibliography, etc. note Includes bibliographies
650 ## - SUBJECT ADDED ENTRY--TOPICAL TERM
Topical term or geographic name entry element Teaching methods
9 (RLIN) 4876
650 ## - SUBJECT ADDED ENTRY--TOPICAL TERM
Topical term or geographic name entry element Education
650 ## - SUBJECT ADDED ENTRY--TOPICAL TERM
Topical term or geographic name entry element Classrooms
9 (RLIN) 17382
653 ## - INDEX TERM--UNCONTROLLED
Uncontrolled term Education-methodology
942 ## - ADDED ENTRY ELEMENTS (KOHA)
Source of classification or shelving scheme Dewey Decimal Classification
Koha item type General Collections
518 ## - DATE/TIME AND PLACE OF AN EVENT NOTE
-- 2011-02-17
530 ## - ADDITIONAL PHYSICAL FORM AVAILABLE NOTE
-- M

No items available.